000 00543nam a2200193Ia 4500
005 20250326144936.0
008 250326s9999 xx 000 0 und d
020 _a81-7158-227-3
037 _aTextbook
040 _aFMSL
_beng
_cFMSL
041 _aeng
_2eng
084 _aX8(A).44 N1
_qFMSL
100 _aGedam Ratnakar
245 0 _aIndian industry productivity management
_cGedam Ratnakar
260 _aNew Delhi
_bNew Delhi, Akashdeep
_c1991
300 _a445p
942 _cTB
_hX8(A).44 N1
999 _c1305722
_d1305722